000 00491nam a2200157Ia 4500
003 GCL
008 140319s9999 xx 000 0 eng d
040 _aGCL /
_cGCL
082 0 4 _a658.565
_bdm
100 1 _aDAUGIRDAS, JOHN T.
245 1 0 _aMANAGING THE NEW PRODUCT DEVLLOPMENT PROESS : CASES AND NOTES /
_cDAUGIRDAS, JOHN T.
260 _aنيويورك :
_bADDISON - WESLEY PUBLISHING COMPANY ،
_c1993
300 _a392 p. ؛
_c22 SM
650 0 4 _aEXPERIMENTAL DESIGN
942 _2ddc
_cBK
999 _c19028
_d19028